000 01126nam a2200301Ia 4500
003 OSt
005 20221005105423.0
006 a|||||r|||| 00| 0
007 ta
008 221004b |||||||| |||| 00| 0 hin d
020 _a9788123027302 (pbk)
_cINR 125.00
024 _a37192
037 _bBW/1645, 10/03/2018, Bookwell
_cTextual
040 _aCRL
_cCRL
_bhin
041 _2hin
_ahin
082 _aV2:51y7N08, 152Q7
100 _aवर्मा, अनिल, ले.
245 0 _aअजेय क्रांतिकारीः राजगुरु
246 _aAjeya krāantikārīah rājaguru
260 _aनई दिल्ली
_bप्रकाशन विभाग भारत
_c2017
300 _a131पृ0
_ccm.
650 _a भारत-इतिहास
_9156353
650 _a राजगुरू
650 _a स्वतंत्रता सेनानी
650 _aक्रांतिकारी
942 _hV2:51y7N08, 152Q7
_cTEXL
_2cc
999 _c1015762
_d1015762